Loading...
| Mythology | 0 | 4 | 0 | 1 | 40 | 118 | 125.50 | 0 | 0 | 1.53 | 10.33 |
| History - Other | 0 | 4 | 1 | 1 | 35 | 109 | 113.50 | 0 | 0 | 3.40 | 12.40 |
| Social Science | 0 | 2 | 1 | 0 | 15 | 70 | 73.00 | 0 | 0 | 5.49 | 8.18 |
| Fine Arts - Other | 0 | 1 | 0 | 0 | 10 | 115 | 115.00 | 0 | 0 | 1.93 | 4.55 |
| History - European | 0 | 2 | 2 | 1 | 10 | 95 | 106.00 | 0 | 0 | 2.16 | 6.78 |
| History - World | 0 | 2 | 3 | 1 | 5 | 92 | 108.50 | 0 | 0 | 2.08 | 9.34 |
| Religion | 0 | 1 | 1 | 0 | 5 | 97 | 97.00 | 0 | 1 | 2.70 | 8.26 |
| Literature - American | 0 | 0 | 0 | 0 | 0 | 0.00 | 0 | 0 | 0.00 | 0.00 | |
| Philosophy | 0 | 0 | 1 | 0 | -5 | 0.00 | 0 | 0 | 0.00 | 0.00 | |
| Literature - World | 0 | 0 | 1 | 0 | -5 | 0.00 | 0 | 0 | 0.00 | 0.00 | |
| Science - Other | 0 | 0 | 1 | 0 | -5 | 0.00 | 0 | 0 | 0.00 | 0.00 | |
| Science - Physics | 0 | 0 | 1 | 0 | -5 | 0.00 | 0 | 0 | 0.00 | 0.00 | |
| Geography | 0 | 0 | 1 | 0 | -5 | 0.00 | 0 | 0 | 0.00 | 0.00 |